000 00476nam a2200169Ia 4500
003 GCL
008 140319s9999 xx 000 0 ara d
040 _aGCL /
_cGCL
082 0 4 _a843
_bك م
100 1 _aكامو، البير
245 1 0 _aالموت السعيد /
_cكامو، البير
300 _a183 ص
490 _aكتاب
_v0
650 0 4 _aالادب الفرنسى المترجم
650 0 4 _aالقصص الفرنسية المترجمة
942 _2ddc
_cBK
999 _c41942
_d41942